| 000 | 00578nam a2200193 a 4500 | ||
|---|---|---|---|
| 005 | 20240531063649.0 | ||
| 008 | 030325s1998 mx r 000 0 spa d | ||
| 020 | _a8480633573 | ||
| 035 | _aUPN01000123212 | ||
| 049 | _aC | ||
| 050 | 4 |
_aLB1051 _bT7.2 |
|
| 100 | 1 |
_aTrilla i Bernet, Jaume _933833 |
|
| 245 | 1 | 0 |
_aAprender lo que se dice aprender... : _buna teoría alfabética de la educación / _cJaume Trilla. |
| 260 |
_aBarcelona, Esp. : _bOctaedro, _c1998. |
||
| 300 | _a121 p. | ||
| 440 | 0 |
_aHorizontes ; _v4 |
|
| 650 | 4 |
_aEducación _vDiccionarios _913241 |
|
| 905 | _aLibro | ||
| 999 |
_c95393 _d95393 |
||